000 00310nam a22001337a 4500
008 170606b xxu||||| |||| 00| 0 eng d
020 _a9781889119182
041 _aeng
080 _a32
100 _a18
101 _aSHP
245 _aBEYOND THE POLITICS OF DISAPPOINTMENT
_cMCWILLIAMS,W.C
942 _2udc
_cBK
999 _c16197
_d16197